000 00731nam a2200193Ia 4500
005 20251020182532.0
008 200515s9999 xx 000 0 und d
082 _a711.586/A49
100 _aAMENDOLA, Giandomenico
245 0 _aLa ciudad postmoderna : magia y miedo de la metrópolis contemporánea
260 _aMadrid
260 _c2000
500 _a1 ejemplar
520 _aUna ciudad nueva esta naciendo en el espacio y el lugar de la ciudad moderna tradicional. Para dar forma y vida a las metrópolis de la postmodernidad concurren los sueños, los miedos, los deseos y las modas, que se entrelazan con las exigencias de la comp
650 _aDISEÑO URBANO
650 _aLIB
650 _aURBANISMO
942 _cLIB
999 _c2114
_d2114